Řízení rizik a plán kontinuity podnikání
Máloktorá organizácia vo verejnom sektore má spracovaný plán kontinuity podnikania, ktorý by umožňoval zmierniť straty a čo najskôr obnoviť prevádzku v prípade požiaru či inej katastrofy. Charakteristika zásad vychádzajúca z britských skúseností s riadením rizík (risk management). Zásady riadenia ri...
Na minha lista:
| Autor principal: | |
|---|---|
| Formato: | Capítulo de Livro |
| Idioma: | tcheco |
| Assuntos: | |
| Tags: |
Sem tags, seja o primeiro a adicionar uma tag!
|
MARC
| LEADER | 00000naa a2200000 4500 | ||
|---|---|---|---|
| 001 | r027221 | ||
| 005 | 20230922084941.9 | ||
| 041 | 0 | |a cze | |
| 044 | |a CZ | ||
| 245 | 1 | 0 | |a Řízení rizik a plán kontinuity podnikání |c I. Veverka |
| 520 | |a Máloktorá organizácia vo verejnom sektore má spracovaný plán kontinuity podnikania, ktorý by umožňoval zmierniť straty a čo najskôr obnoviť prevádzku v prípade požiaru či inej katastrofy. Charakteristika zásad vychádzajúca z britských skúseností s riadením rizík (risk management). Zásady riadenia rizík: Prevencia. Tímové plánovanie. Vymedzenie problému. Zisťovanie údajov. Vytvorenie reálne použiteľného plánu. Tím obnovy. Overovanie plánu. | ||
| 610 | 2 | 0 | |a risk management |
| 610 | 2 | 0 | |a riziko |
| 610 | 2 | 0 | |a škody |
| 610 | 2 | 0 | |a obnova prevádzky |
| 610 | 2 | 0 | |a plán |
| 610 | 2 | 0 | |a manažment |
| 100 | 1 | |a Veverka, I. | |